Die vier Fälle der deutschen Sprache - Statistiken

Allgemein
  • Dieses Quiz wurde 11.420 mal gespielt
    11.213 seit der letzten Aktualisierung
  • Das Durchschnittsergebnis liegt bei 14 aus 20
Antwortstatistiken
Fälle Artikel % Korrekt
Maskulin Der
89%
Feminin Die
88%
Neutrum Das
87%
1. Fall Nominativ
85%
Plural Die
83%
2. Fall Genitiv
80%
3. Fall Dativ
79%
4. Fall Akkusativ
73%
Maskulin Des
73%
Feminin Der
69%
Maskulin Dem
68%
Neutrum Des
67%
Feminin Der
66%
Plural Der
63%
Neutrum Dem
61%
Maskulin Den
58%
Plural Den
54%
Feminin Die
48%
Neutrum Das
39%
Plural Die
39%
Keine übereinstimmenden Quizze gefunden
Verteilung der Resultate
Anzahl Personen mit jedem Resultat
Perzentil nach korrekt beantworteten Fragen
Ihre Resultats-Entwicklung
Sie haben dieses Quiz seit der letzten Aktualisierung nicht gespielt